Vplyv času žiarového lisovania na vybrané vlastnosti časticového kompozitu Si3N4 - TiN
Salvato in:
| Autore principale: | |
|---|---|
| Altri autori: | |
| Natura: | Manoscritto Libro |
| Lingua: | slovacco |
| Pubblicazione: |
2016
|
| Soggetti: | |
| Accesso online: | http://is.stuba.sk/zp/portal_zp.pl?podrobnosti=120436 |
| Tags: |
Nessun Tag, puoi essere il primo ad aggiungerne!!
|
MARC
| LEADER | 00000ntm a22000003a 4500 | ||
|---|---|---|---|
| 001 | stuzp58695 | ||
| 003 | SK-STU | ||
| 005 | 20160719155639.6 | ||
| 007 | ta | ||
| 008 | 150427s2015----xo-----f-mn---000-0-slo-d | ||
| 040 | |a STU |b slo | ||
| 041 | 0 | |a slo | |
| 100 | 1 | |a Karlik, Martin |u 020050 |k Z4 |4 aut |U SjF Strojnícka fakulta |T SjF Ústav technológií a materiálov |X 43706 |U J0050 |Y 803 |7 A000043706 | |
| 242 | 0 | 1 | |a Dip molding effect of time on selected properties of particulate composites Si3N4 – TiN |y eng |
| 245 | 1 | 0 | |a Vplyv času žiarového lisovania na vybrané vlastnosti časticového kompozitu Si3N4 - TiN |
| 260 | |c 2016 | ||
| 650 | 4 | |a tvrdosť |2 slo | |
| 650 | 4 | |a oteruvzdornosť |2 slo | |
| 650 | 4 | |a nitrid kremíka |2 slo | |
| 650 | 4 | |a lomová húževnatosť |2 slo | |
| 650 | 4 | |a Silicon nitride |2 eng | |
| 650 | 4 | |a hardness |2 eng | |
| 650 | 4 | |a fracture toughness |2 eng | |
| 650 | 4 | |a abrasion resistance |2 eng | |
| 700 | 1 | |a Brusilová, Alena |u 020050 |k Z1 |4 ths |U SjF Strojnícka fakulta |T SjF Ústav technológií a materiálov |X 2293 |U J0050 |Y 803 |7 A000002293 | |
| 856 | 4 | |u http://is.stuba.sk/zp/portal_zp.pl?podrobnosti=120436 | |
| 996 | |b 284j044006 |c J* 2296/DP |l JJSK |s A |a 24 |w stuzp58695_0001 | ||
| SQL | |a stuzp58695 |b DDP |c SLO |d Vplyv času žiarového lisovania na vybrané vlastnosti časticového kompozitu Si3N4 - TiN |e 43706 |f Karlik, Martin |g 020050 |h 2293 |i Brusilová, Alena |j 20160615 |k 60 |l 02 |m http://is.stuba.sk/zp/portal_zp.pl?podrobnosti=120436 |n I-STAM |o 5.2.51. výrobné technológie | ||